| 000 | 00752nam a2200241Ia 4500 | ||
|---|---|---|---|
| 001 | 825 | ||
| 003 | GE_BSU | ||
| 008 | 181216s||||||||xx |||||||||||||| ||und|| | ||
| 020 | _a5769509619 | ||
| 040 | _cGE_BSU | ||
| 080 | _a800(075.8) | ||
| 100 | _aАнисимова,Е.Е. | ||
| 245 | _aЛингвистика текста и межкультурная коммуникация | ||
| 245 | _b(на материале креолизованных текстов) | ||
| 260 | _aМосква | ||
| 260 | _bАкадемия | ||
| 260 | _c2003 | ||
| 300 | _a128стр. | ||
| 541 | _h5ლ. | ||
| 653 | _aЛингвистика | ||
| 653 | _aЛингвистика текста и межкультурная коммуникация | ||
| 942 | _cBK | ||
| 999 |
_c34989 _d34989 |
||